| 000 | 01094nam a22002777a 4500 | ||
|---|---|---|---|
| 005 | 20240530110351.0 | ||
| 008 | 141223s2009 le d g b 000 0 ara d | ||
| 020 | _a9789953524740 | ||
| 040 | _aEG-CaGPL | ||
| 041 | 0 | _aara | |
| 082 | 0 | 4 |
_221 _a363.7\ _bع ح |
| 100 | 0 | _aعبدالقادر الشيخلي | |
| 245 | 1 | 0 |
_aحماية البيئة : _bفى ضوء الشريعة و القانون و الادارة و التربية و الاعلام / _cعبدالقادر الشيخلي |
| 250 | _aط1 | ||
| 260 |
_aبيروت : _bمنشورات الحلبى الحقوقية ، _c2009 |
||
| 300 |
_a311 ص : _bجداول ؛ _c24 سم |
||
| 504 | _aببليوجرافية : ص 291 - 308 | ||
| 650 | 0 | 4 |
_aالبيئة _xعلم |
| 650 | 0 | 4 | _aحماية البيئة |
| 650 | 0 | 4 |
_aحماية البيئة _xالشريعة الاسلامية |
| 650 | 0 | 4 | _aالامن الغذائى |
| 650 | 0 | 4 | _aالامن المائى |
| 650 | 0 | 4 |
_aالبيئة و الانسان _xالجوانب الاخلاقية و الدينية |
| 942 |
_2ddc _cBK |
||
| 999 |
_c60073 _d60073 |
||